|
|
|
|
| LEADER |
00000nam a2200000 4500 |
| 001 |
vtls012275639 |
| 003 |
SK-MaSNL |
| 005 |
20260301232144.0 |
| 008 |
251112s1798 gw f 000 0 ger |
| 015 |
|
|
|a SNBHFA
|
| 040 |
|
|
|a SNKHF
|b slo
|c SNK
|e rda
|
| 041 |
0 |
|
|a ger
|
| 044 |
|
|
|a gw
|c DE
|
| 072 |
|
7 |
|a 133
|x Ezoterizmus. Okultizmus
|2 konspekt
|
| 080 |
|
|
|a 133
|2 2011
|
| 080 |
|
|
|a 005.521
|2 2011
|
| 080 |
|
|
|a 001.18
|2 2011
|
| 100 |
1 |
|
|a Eckartshausen, Carl von,
|d 1752-1803
|4 aut
|4 aui
|9 448645
|
| 245 |
1 |
0 |
|a Blicke in die Zukunft,
|b oder Prognostikon des neunzehnten Jahrhunderts nach den Gesetzen der Wahrscheinlichkeit berechnet, vermỏg welcher man kủnftige Ereignisse vorher sagen kann.
|c Von dem Hofrath von Eckartshausen
|
| 264 |
|
3 |
|a Leipzig
|b bey H. Grảff in Kommission
|c 1798
|
| 300 |
|
|
|a VIII, to jest 8, strany 9 - 183
|c 8°
|c 19 × 12 cm
|
| 336 |
|
|
|a text
|b txt
|2 rdacontent
|
| 337 |
|
|
|a bez média
|b n
|2 rdamedia
|
| 338 |
|
|
|a zväzok
|b nc
|2 rdacarrier
|
| 500 |
|
|
|a Linky
|
| 504 |
|
|
|a Kustody
|
| 508 |
|
|
|a Predslov autora
|
| 510 |
4 |
|
|a VD 18
|c 11685654
|
| 546 |
|
|
|a Nemčina
|b Fraktúra
|
| 561 |
|
|
|a Proveniencia: Pečiatka Dr. E. Kadarász-vernot Poz Margity Zayovej.
|5 SNK ID103853
|
| 563 |
|
|
|a Väzba: sivo-modrá papierová lepenka.
|5 SNK ID103853
|
| 650 |
0 |
7 |
|a ezoterika
|2 SNKPH
|9 2083
|
| 650 |
0 |
7 |
|a prognostická astrológia
|2 SNKPH
|9 83344
|
| 650 |
0 |
7 |
|a prognostika
|2 SNKPH
|9 4366
|
| 700 |
1 |
|
|a Zaiová, Margita,
|d 1868-1937
|4 fmo
|9 186369
|
| 700 |
1 |
|
|a Gräff, Heinrich,
|d 1765-1827
|4 prt
|9 180845
|
| 710 |
0 |
|
|a Gräff, Heinrich (Lipsko, Nemecko),
|d 1790-1821
|4 prt
|9 180846
|
| 752 |
|
|
|a Nemecko
|d Lipsko
|
| 852 |
|
|
|a Slovenská národná knižnica
|b Zaiova knižnica: Zay 8686 (Z 9979)
|p ID103853
|
| 958 |
|
|
|a DD
|
| 958 |
|
|
|a ONDV
|
| 999 |
|
|
|c 960608
|d 962538
|
| 952 |
|
|
|t Zay 8686 (Z 9979)
|a SNK
|b SNK
|c SNK_HF
|y PREZ
|7 0
|p 17A1488717
|o snkID 103853
|i snk2025/6904
|8 5
|0 0
|1 0
|4 0
|d 2025-04-24
|l 0
|r 2026-02-24 10:17:38
|w 2026-02-24
|